01484nam a22001937a 4500003001700000005001700017008004100034020001800075040000700093041001200100082001600112100001700128245001400145260003300159300002700192365006200219520098000281650002901261St Aloysius Coll20260122152749.0260117b |||||||| |||| 00| 0 eng d a9781399751926 cAL aEnglish a813.6bTOMM aLiz Tomforde aMile high aUKbHodder & Stoughtonc2023 a598p.bPBc19.5x12.7cm 2Generala5468b₹559.00c₹d₹699.00e20%f10/01/2026 aChicago hockey isn't complete without me - everyone's favourite player to hate. I know my role, and I play it well. In fact, I thoroughly enjoy spending the majority of my game time in the penalty box before leaving the arena with a new girl on my arm each night. What I don't like is the new flight attendant on our team's private plane. She works for me, not the other way around. But I'll be sure to remind her of that, and I can guarantee, by the end of the season, she'll be begging to quit her job. But every road trip blurs the lines, and I can't quite figure out if I keep pushing that flight attendant call button in order to push her buttons, or if it's more than that. I've been a flight attendant for years. I thought I'd seen it all, but when my new job lands me onboard working for the most egotistical and self-righteous diva in the NHL, I start to second guess everything. Including the promise I made to myself of never hooking up with an athlete again . . . 2FictionaEnglish Fiction